| 000 | 01002nam a2200289 a 4500 | ||
|---|---|---|---|
| 001 | 000110499 | ||
| 003 | CHAP | ||
| 005 | 20220329144136.0 | ||
| 008 | 140904s2011 mx |r| ||||||spa d | ||
| 010 | _a106961 | ||
| 011 | _a107933 | ||
| 020 | _a9786079567279 | ||
| 040 | _cCHAP | ||
| 082 | 0 | 4 |
_a305.800972 _bR43 |
| 245 | 0 | 0 |
_aRetos, problemáticas y políticas de la población indígena en México / _ccoordinado por Germán Vázquez Sandrini y Angélica E. Reyna Bernal. |
| 260 |
_aMéxico, D. F. : _bUniversidad Autónoma del Estado de Hidalgo _bMiguel Ángel Porrúa, _c2011. |
||
| 300 | _a330 p. | ||
| 590 |
_aE11695DGD _b10 _c20160428 _lUCH01 _h1341 |
||
| 590 |
_aE5765TAJ _b05 _c20140904 _lUCH01 _h1225 |
||
| 650 | 1 | 4 |
_aIndios de México _xCondiciones sociales. _957626 |
| 650 | 1 | 4 |
_aIndios de México _xPoblación. _9128286 |
| 700 | 1 |
_aReyna Bernal, Angélica E. _ecoord. _9128285 |
|
| 700 | 1 |
_aVázquez Sandrini, Germán _ecoord. _9128284 |
|
| 901 | _aBK | ||
| 942 | _cLIBRO | ||
| 942 | _n0 | ||
| 999 |
_c106961 _d106961 |
||